Obscure nations at the Olympics - sudden death - Statistics

General Stats
  • This quiz has been taken 88 times
  • The average score is 14 of 35
Answers on the Grid
Answers color-coded by a green-red scale on the quiz's grid according to % correct below.
Vatican City
Mongolia
Bermuda
Bahrain
Antarctica
British Honduras
Solomon Islands
Byzantine Empire
Ceylon
The Gambia
Republic of Venice
Bohemia
Golden Horde
East Germany
St. Kitts and Nevis
Formosa
Monaco
Saarland
Cayman Islands
Prussia
Bouvet Island
Kuban Republic
Aruba
Avar Khanate
Menton and Roquebrune
Cook Islands
North Yemen
South Yemen
Two Sicilies
Cretan State
Ottoman Empire
Bhutan
Dahomey
Smyrna
Papal States
Gold Coast
Upper Volta
Holy Roman Empire
Vandal Kingdom
Australasia
Kingdom of Kongo
Antigua
Austro-Hungarian Empire
Republic of the Rif
American Samoa
The Nezak Huns
Russian Empire
Northern Rhodesia
Korea
Free Dadra and Nagar Haveli
Kingdom of Dagbon
Rockall
Hohenzollern-Hechingen
Kingdom of Rob
North Borneo
Siam
Malaya
Mountainous Republic of the Northern Caucasus
British West Indies
Pangea
 
Answer Stats
Answer % Correct
East Germany
77%
Mongolia
74%
St. Kitts and Nevis
71%
Monaco
69%
Solomon Islands
69%
Bermuda
65%
Bahrain
63%
The Gambia
63%
Bhutan
58%
Pre-WW1 games Russian Empire
52%
Aruba
50%
Cook Islands
50%
American Samoa
48%
Cayman Islands
45%
Unified team at the 2018 winter games Korea
44%
Designated "Austria" and "Hungary" during the events. Austro-Hungarian Empire
40%
Now Zambia. 1964 Northern Rhodesia
39%
1988 South Yemen
37%
Now Burkina Faso. 1972 Upper Volta
37%
1976 Antigua
32%
1984 and 1988 North Yemen
32%
1968 and 1972 British Honduras
31%
1960 British West Indies
29%
1908. Source: https://en.wikipedia.org/wiki/Turkey_at_the_1908_Summer_Olympics Ottoman Empire
29%
Now Sri Lanka. 1948-1972 Ceylon
27%
Now Benin. 1972 Dahomey
27%
Now Ghana. 1952 Gold Coast
24%
1952 Saarland
24%
Now Malaysia. 1956 and 1960 Malaya
21%
Now Taiwan. 1960 Formosa
18%
Combined Australia and NZ team. 1908 and 1912 Australasia
16%
Now Sabah, Malaysia. 1956 North Borneo
11%
Now part of the Czech Republic. 1900, 1908 and 1912 Bohemia
10%
1906. Source: https://www.topendsports.com/events/summer/countries/crete.htm Cretan State
2%
Now Izmir. 1896 - source: https://en.wikipedia.org/wiki/Turkey_at_the_1908_Summer_Olympics Smyrna
0%
No matching quizzes found
Score Distribution
Percent of People with Each Score
Percentile by Number Answered
Your Score History
You have not taken this quiz